| 000 | 01787nam a22002537a 4500 | ||
|---|---|---|---|
| 999 |
_c63187 _d63187 |
||
| 003 | Ge_BSU | ||
| 005 | 20250623110830.0 | ||
| 008 | 250623s2024 ge ||||| |||| 00| 0 geo d | ||
| 020 | _a9789941867804 | ||
| 041 | _ageo | ||
| 080 | _a94(479.22)"1924" ლ-57 | ||
| 100 |
_aლი, ერიკ _925484 |
||
| 245 |
_a1924 წლის აჯანყება: _b საქართველო და დემოკრატიული სოციალიზმის დაბადება / _c ერიკ ლი; თარგმანი ნინო ბარძიმიშვილი; სამეცნიერო რედაქტორი ირაკლი ირემაძე; ყდის დიზაინი გვანცა მახათაძე. |
||
| 264 |
_aთბილისი : _b ზიარი, _c2024. |
||
| 300 |
_a310 გვ. ; _bილ. ; _c 21 სმ. |
||
| 500 | _a პროექტი განხორციელდა ფრიდრიხ ებერტის ფონდის ხელშეწყობით. ეძღვნება ქართველ ხალხს. | ||
| 501 | _aშენიშვნები: გვ. 290-300. პირთა საძიებელი: გვ. 303-307. | ||
| 504 | _aბიბლიოგრაფია: გვ. 285-289. | ||
| 653 | _a1924 წლის აჯანყება საქართველოში | ||
| 700 |
_aბარძიმიშვილი, ნინო _eმთარგმნელი _947 |
||
| 700 |
_aირემაძე, ირაკლი _eსამეცნიერო რედაქტორი _925485 |
||
| 700 |
_aმახათაძე, გვანცა _eყდის დიზაინერი _925486 |
||
| 942 |
_2udc _cBK |
||